000
00346nam a2200133Ia 4500
008
151001s9999||||xx |||||||||||||| ||und||
100
_a
मोनिका गजेंद्रगडकर
245
_a
भूप
250
_a
1
260
_b
पुणे प्रकाशन
260
_c
2004
300
_a
152
365
_b
21
999
_c
983679
_d
983676